L'analyse qualitative en sciences humaines et sociales (notice n° 2198732)
[ vue normale ]
| 000 -LEADER | |
|---|---|
| fixed length control field | 01193cam a2200145 4500500 |
| 005 - DATE AND TIME OF LATEST TRANSACTION | |
| control field | 20260405085600.0 |
| 041 ## - LANGUAGE CODE | |
| Language code of text/sound track or separate title | fre |
| 042 ## - AUTHENTICATION CODE | |
| Authentication code | dc |
| 100 10 - MAIN ENTRY--PERSONAL NAME | |
| Personal name | Paillé, Pierre |
| Relator term | author |
| 245 00 - TITLE STATEMENT | |
| Title | L'analyse qualitative en sciences humaines et sociales |
| 260 ## - PUBLICATION, DISTRIBUTION, ETC. | |
| Name of publisher, distributor, etc. | Armand Colin,<br/> |
| Date of publication, distribution, etc. | 2021.<br/> |
| 520 ## - SUMMARY, ETC. | |
| Summary, etc. | Les méthodes qualitatives occupent une place grandissante en sciences humaines et sociales, constituant depuis leurs origines américaines un courant aussi riche que diversifié. Cet ouvrage, véritable manuel, permet d’appréhender aussi bien l’histoire que les enjeux épistémologiques et applications pratiques de ces méthodes dans leur diversité (analyses thématique, à l’aide des catégories, en mode écriture...). Réactualisé dans cette 5e édition, il cible toute la fécondité du dénominateur commun à ces méthodes : une démarche rigoureuse de reformulation, d’explicitation ou de théorisation des données d’enquête participant de la découverte et de la construction de sens. |
| 700 10 - ADDED ENTRY--PERSONAL NAME | |
| Personal name | Mucchielli, Alex |
| Relator term | author |
| 856 41 - ELECTRONIC LOCATION AND ACCESS | |
| Uniform Resource Identifier | <a href="https://shs.cairn.info/l-analyse-qualitative-en-sciences-humaines--9782200624019?lang=fr&redirect-ssocas=7080">https://shs.cairn.info/l-analyse-qualitative-en-sciences-humaines--9782200624019?lang=fr&redirect-ssocas=7080</a> |
Pas d'exemplaire disponible.




Réseaux sociaux